[Event "HWT 2010"]
[Site "?"]
[Date "2010.01.10"]
[Round "4"]
[White "Pfeffer, Ruprecht"]
[Black "Schatz, Walter"]
[Result "1/2-1/2"]
[WhiteElo "2172"]
[BlackElo "2232"]
[PlyCount "46"]
[EventDate "2010.??.??"]

1. e4 e5 2. Nf3 Nc6 3. Bb5 a6 4. Ba4 d6 5. c3 Bd7 6. O-O g6 7. d4 Bg7 8. Bg5
Nge7 9. Qd2 h6 10. Be3 b6 11. Nh4 g5 12. Nf5 Nxf5 13. exf5 b5 14. Bc2 O-O 15.
h4 gxh4 16. Bxh6 exd4 17. Bg5 Bf6 18. Bh6 Re8 19. Qd1 Qe7 20. Qg4+ Kh7 21. Qh5
Kg8 22. Qg4+ Kh7 23. Qh5 Kg8 1/2-1/2

[Event "120'/40"]
[Site "?"]
[Date "2010.01.10"]
[Round "4"]
[White "FM Reichenbach, Werner"]
[Black "FM Lüders, Gerhard"]
[Result "1/2-1/2"]
[WhiteElo "2188"]
[BlackElo "2162"]
[PlyCount "23"]
[EventDate "2010.??.??"]

1. e4 c5 2. Nc3 Nc6 3. Bb5 Nd4 4. Bc4 g6 5. Nge2 Bg7 6. O-O a6 7. a4 b6 8. d3
e6 9. f4 d6 10. Nxd4 Bxd4+ 11. Kh1 Ne7 12. f5 1/2-1/2

[Event "HWT 2010"]
[Site "Berlin"]
[Date "2010.01.10"]
[Round "4"]
[White "Gebigke, Martin"]
[Black "Giese, Guido"]
[Result "1-0"]
[WhiteElo "2231"]
[BlackElo "2014"]
[Annotator "Gebigke,Martin"]
[PlyCount "67"]
[EventDate "2010.01.??"]
[EventType "swiss"]
[EventRounds "5"]
[EventCountry "GER"]

1. d4 Nf6 2. c4 g6 3. Nc3 Bg7 4. e4 d6 5. Nf3 O-O 6. Be2 Bg4 7. Be3 Nfd7 8. O-O
Bxf3 9. Bxf3 Nc6 10. d5 Nce5 (10... Na5 $142) 11. Be2 Nb6 12. Qb3 c6 13. f4
Ned7 14. Rad1 $1 $146 Rc8 15. Bg4 f5 16. dxc6 bxc6 17. c5+ Kh8 18. cxb6 fxg4
19. b7 Rb8 20. Bxa7 Qc7 21. Bxb8 Rxb8 22. Qe6 Nc5 23. Qxg4 Rxb7 24. Rd2 Qb8 25.
Re1 Rb4 26. f5 Rxb2 27. Rxb2 Qxb2 28. Nd1 Qd4+ 29. Kh1 Nd3 {Remisangebot} 30.
Rf1 Qa1 $2 (30... Ne5 $142) 31. fxg6 hxg6 32. Qc8+ (32. Qh3+) 32... Kh7 33.
Qh3+ Kg8 34. Qxd3 1-0

[Event "HWT 2010"]
[Site "?"]
[Date "2010.01.10"]
[Round "4"]
[White "Greßmann, Moritz"]
[Black "Zur, Jan"]
[Result "1/2-1/2"]
[WhiteElo "1491"]
[BlackElo "1964"]
[PlyCount "48"]
[EventDate "2010.??.??"]

1. Nf3 d5 2. e3 Nf6 3. c4 c6 4. Nc3 Nbd7 5. d4 e6 6. Bd3 Bd6 7. O-O O-O 8. cxd5
exd5 9. Qc2 Re8 10. Re1 Nf8 11. Bd2 Bg4 12. Be2 Ne4 13. h3 Bf5 14. Qb3 Qd7 15.
Rad1 Re6 16. Nh4 Bxh3 17. gxh3 Be7 18. Ng2 Rg6 19. Bg4 f5 20. Nxe4 fxg4 21. h4
Ne6 22. Ng3 Rf8 23. Qd3 Rgf6 24. Rf1 g5 1/2-1/2

[Event "HWT 2010"]
[Site "?"]
[Date "2010.01.10"]
[Round "4"]
[White "Sander, Dirk"]
[Black "Jahnz, Fabian"]
[Result "0-1"]
[WhiteElo "1783"]
[BlackElo "2173"]
[PlyCount "60"]
[EventDate "2010.??.??"]

1. Nf3 d5 2. d4 Nf6 3. c4 e6 4. cxd5 exd5 5. Nc3 c6 6. Bg5 Be7 7. e3 Bf5 8. Bd3
Bxd3 9. Qxd3 O-O 10. O-O Nbd7 11. Rac1 Re8 12. a3 Nf8 13. Ne5 Ne6 14. Bh4 g6
15. f4 Ng7 16. g4 Nxg4 17. Bxe7 Nxe5 18. fxe5 Rxe7 19. Rf6 Re6 20. Rf3 f6 21.
exf6 Rxf6 22. Rcf1 Rxf3 23. Rxf3 Nf5 24. Ne2 Qe7 25. Nf4 Re8 26. Ng2 Qg5 27.
Kf2 Nd6 28. Nf4 Ne4+ 29. Kf1 Qg4 30. Qe2 Qxf3+ 0-1

[Event "HWT 2010"]
[Site "?"]
[Date "2010.01.10"]
[Round "4"]
[White "Lang, Martin"]
[Black "FM Dr. Welz, Peter"]
[Result "0-1"]
[WhiteElo "1804"]
[BlackElo "2066"]
[PlyCount "108"]
[EventDate "2010.??.??"]

1. d4 f5 2. c4 Nf6 3. Nc3 d6 4. Nf3 g6 5. g3 Bg7 6. Bg2 O-O 7. O-O Nc6 8. d5
Ne5 9. Nd2 g5 10. f4 gxf4 11. gxf4 Ng6 12. Nf3 c6 13. Nd4 cxd5 14. cxd5 Kh8 15.
Qd3 Ng4 16. e4 Qb6 17. Nce2 e5 18. dxe6 Bxe6 19. Kh1 Bd7 20. h3 fxe4 21. Bxe4
N4e5 22. Qg3 Nc6 23. Nf3 Nce7 24. Ng5 Qb5 25. Rf2 h6 26. Nf3 Bf5 27. Bxf5 Qxf5
28. Nfd4 Qd5+ 29. Qg2 Bxd4 30. Qxd5 Nxd5 31. Nxd4 Ngxf4 32. Bxf4 Rxf4 33. Rxf4
Nxf4 34. Rf1 Rf8 35. Ne2 Ng6 36. Rxf8+ Nxf8 37. Nd4 d5 38. Nb5 a6 39. Nd6 b5
40. b4 Ne6 41. Kg1 Kh7 42. Kf2 Kg6 43. Ke3 Kh5 44. Nf5 Kg5 45. Ne7 d4+ 46. Ke4
h5 47. Nc6 Kh4 48. Nb8 Kxh3 49. Nxa6 Kg3 50. Nc5 Ng5+ 51. Kxd4 h4 52. Ke3 h3
53. Nd3 h2 54. Nf2 Nh3 0-1

[Event "HWT 2010"]
[Site "?"]
[Date "2010.01.10"]
[Round "4"]
[White "Kohtz, Andreas"]
[Black "Lenz, Tobias"]
[Result "0-1"]
[WhiteElo "2001"]
[BlackElo "1800"]
[PlyCount "82"]
[EventDate "2010.??.??"]

1. d4 e6 2. Nf3 d5 3. Bf4 Bd6 4. Bg3 Nf6 5. e3 Ne4 6. Bd3 Nxg3 7. hxg3 Nd7 8.
c4 c6 9. Nc3 f5 10. cxd5 cxd5 11. g4 Nf6 12. gxf5 exf5 13. Nh4 g6 14. Nxg6 Rg8
15. Nh4 f4 16. e4 dxe4 17. Nxe4 Qe7 18. Qe2 Nxe4 19. Qxe4 Rg7 20. O-O-O Qxe4
21. Bxe4 Be6 22. d5 Rc8+ 23. Kb1 Bg4 24. f3 Bd7 25. Bf5 Rf7 26. Be6 Rf6 27.
Rhe1 Kd8 28. Re4 Rc5 29. Rde1 Bxe6 30. dxe6 Ke7 31. Rc1 Rh5 32. Rh1 Rxe6 33.
Rhe1 Rxe4 34. Rxe4+ Kd7 35. g3 fxg3 36. Rg4 Ke6 37. f4 Bc5 38. f5+ Kf6 39. Ng2
Bf2 40. Kc2 Rh2 41. Nh4 Rxh4 0-1

[Event "HWT 2010"]
[Site "?"]
[Date "2010.01.10"]
[Round "4"]
[White "Semmler, Reinhardt"]
[Black "Kropman, Alexei"]
[Result "0-1"]
[WhiteElo "1742"]
[BlackElo "1949"]
[PlyCount "56"]
[EventDate "2010.??.??"]

1. b4 c6 2. Bb2 a5 3. a3 axb4 4. axb4 Rxa1 5. Bxa1 Qb6 6. c3 d5 7. e3 Bf5 8.
Na3 e6 9. Nf3 Nf6 10. Be2 Bd6 11. O-O Nbd7 12. Nc2 O-O 13. Ncd4 Bg6 14. Nh4 Qd8
15. f4 Ne4 16. Nhf3 e5 17. fxe5 Nxe5 18. Nxe5 Bxe5 19. Nf3 Bd6 20. d3 Nf6 21.
c4 dxc4 22. dxc4 Bxb4 23. Qb3 c5 24. Rd1 Qe7 25. Be5 Ne4 26. Bd3 Rd8 27. Bf4 f6
28. Bb1 Rxd1+ 0-1

[Event "HWT 2010"]
[Site "?"]
[Date "2010.01.10"]
[Round "4"]
[White "Ziems, Michael"]
[Black "Schäfer, Martin"]
[Result "0-1"]
[WhiteElo "1736"]
[BlackElo "1935"]
[Annotator "Schrodt"]
[PlyCount "59"]
[EventDate "2010.??.??"]

1. d4 d5 2. c4 dxc4 3. Nc3 a6 4. a4 Nc6 5. e3 e5 6. Nf3 exd4 7. exd4 Na5 8. Ne5
Nf6 9. Nxc4 Nxc4 10. Bxc4 Bd6 11. Bg5 O-O 12. O-O h6 13. Bh4 Re8 14. Bd3 c6 15.
Bc2 Be6 16. Ne4 Be7 17. Qd3 Nxe4 18. Bxe7 Qxe7 19. Qxe4 g6 20. h4 Kg7 21. h5
Qf6 22. Qe5 Rad8 23. Rfd1 Rd5 24. Qxf6+ Kxf6 25. Bb3 Rd7 26. Bxe6 Rxe6 27. b3
Red6 28. Kf1 Rxd4 29. Rxd4 Rxd4 30. g3 {Restliche Partie fehlt} 0-1

[Event "HWT 2010"]
[Site "?"]
[Date "2010.01.10"]
[Round "4"]
[White "Wendlandt, Ralph"]
[Black "Costello, Colin"]
[Result "0-1"]
[WhiteElo "1727"]
[BlackElo "1917"]
[PlyCount "64"]
[EventDate "2010.??.??"]

1. d4 d5 2. c4 e6 3. Nc3 Nf6 4. Nf3 Bb4 5. Bg5 dxc4 6. e4 c5 7. e5 h6 8. exf6
hxg5 9. fxg7 Rg8 10. dxc5 Qxd1+ 11. Rxd1 Rxg7 12. Bxc4 Ke7 13. O-O Bxc3 14.
bxc3 Nd7 15. Rfe1 Nxc5 16. Re5 b6 17. Rxg5 Rxg5 18. Nxg5 Bb7 19. Nh3 Rc8 20.
Bb5 Kf6 21. Nf4 Ne4 22. c4 Nc3 23. Re1 a6 24. Re3 Nxb5 25. h4 Rxc4 26. Nh5+ Kg6
27. Rg3+ Kxh5 28. Rg8 Kxh4 29. Kh2 Kh5 30. Kh3 Bxg2+ 31. Kxg2 Rg4+ 32. Rxg4
Kxg4 0-1

[Event "HWT 2010"]
[Site "?"]
[Date "2010.01.10"]
[Round "4"]
[White "Slepuschkin, Shenis"]
[Black "Dr. Maetzing, Hans-Dieter"]
[Result "1-0"]
[WhiteElo "1911"]
[BlackElo "1727"]
[PlyCount "93"]
[EventDate "2010.??.??"]

1. e4 e6 2. b3 d5 3. Bb2 dxe4 4. Nc3 Nf6 5. Qe2 Bd7 6. O-O-O Be7 7. Nxe4 a5 8.
a3 Bc6 9. Nxf6+ Bxf6 10. d4 O-O 11. h4 Nd7 12. Nf3 b5 13. Ne5 Bxe5 14. dxe5 Qe7
15. Qg4 Nc5 16. Rh3 b4 17. a4 Ne4 18. Qf4 Rfd8 19. Re1 Nc5 20. Rg3 Qd7 21. Bd3
Nxd3+ 22. Rxd3 Qe7 23. Rg3 Rd7 24. Qh6 g6 25. h5 Bd5 26. Rh1 Be4 27. Qe3 Bf5
28. Kb1 Rad8 29. Bc1 Rd1 30. Rxd1 Rxd1 31. hxg6 fxg6 32. Rf3 Qd7 33. Rf4 Rg1
34. Rd4 Qc6 35. Rd8+ Kf7 36. Qd2 g5 37. Rd7+ Kf8 38. Rd8+ Kf7 39. f3 h5 40. Rh8
h4 41. Rh6 h3 42. Rf6+ Ke8 43. gxh3 Qc5 44. Rh6 Qxe5 45. h4 Rxc1+ 46. Qxc1 Qa1+
47. Kxa1 1-0

[Event "HWT 2010"]
[Site "?"]
[Date "2010.01.10"]
[Round "4"]
[White "Arnold, René"]
[Black "Nietsch, Horst"]
[Result "0-1"]
[WhiteElo "1689"]
[BlackElo "1910"]
[PlyCount "108"]
[EventDate "2010.??.??"]

1. e4 g6 2. d4 Bg7 3. Bc4 e6 4. Nc3 d6 5. Nf3 c6 6. d5 b5 7. Bb3 b4 8. Ne2 cxd5
9. exd5 e5 10. a3 bxa3 11. Rxa3 Nf6 12. Be3 a6 13. Nc3 O-O 14. O-O Bb7 15. Nd2
Nbd7 16. Nc4 Nc5 17. Na5 Qc8 18. Bxc5 dxc5 19. Na4 Nd7 20. Qe2 Qc7 21. Nxb7
Qxb7 22. Rfa1 Rfe8 23. Nc3 e4 24. Rxa6 Rxa6 25. Qxa6 Qb8 26. Qa7 Qd8 27. Ba4 e3
28. fxe3 Qe7 29. Re1 Rd8 30. Bxd7 Rxd7 31. Qa8+ Rd8 32. Qa5 Bh6 33. Nd1 Rxd5
34. Qc3 Re5 35. Qd3 Bg5 36. g3 Bh6 37. Qe2 Bg5 38. Qf3 Kg7 39. h4 Rf5 40. Qg4
h5 41. Qh3 Bf6 42. c3 Be5 43. Rf1 Rxf1+ 44. Kxf1 Qd6 45. Ke2 Bxg3 46. c4 Be5
47. b3 Qb6 48. e4 Qa7 49. Nc3 Qa1 50. Na4 Qa2+ 51. Kd1 Qb1+ 52. Ke2 Qxe4+ 53.
Qe3 Qc2+ 54. Kf3 Bd4 0-1

[Event "HWT 2010"]
[Site "?"]
[Date "2010.01.10"]
[Round "4"]
[White "Beran, Rolf-Dietrich"]
[Black "Kretzschmar, Jan"]
[Result "1-0"]
[WhiteElo "1895"]
[BlackElo "1666"]
[PlyCount "67"]
[EventDate "2010.??.??"]

1. c4 Nf6 2. g3 e6 3. Bg2 d5 4. Nf3 Nbd7 5. b3 b6 6. Bb2 Bb7 7. O-O dxc4 8.
bxc4 c5 9. Qc2 Qc7 10. Nc3 a6 11. d3 Be7 12. Nd2 O-O 13. f4 Rfe8 14. Nce4 Ng4
15. Bf3 Ne3 16. Qc3 Bf8 17. Rf2 Nf5 18. Bh1 Rab8 19. g4 Nd6 20. g5 Nf5 21. Nf1
b5 22. cxb5 axb5 23. a3 Rec8 24. Nfg3 Nd4 25. Nh5 Bxe4 26. Bxe4 Qb6 27. e3 b4
28. axb4 Qxb4 29. Qxb4 Rxb4 30. Ba3 Ra4 31. exd4 cxd4 32. Bb2 Rb4 33. Rc1 Rxb2
34. Rxc8 1-0

[Event "HWT 2010"]
[Site "?"]
[Date "2010.01.10"]
[Round "4"]
[White "Bandsom, Olaf"]
[Black "Küster, Manfred"]
[Result "1-0"]
[WhiteElo "1657"]
[BlackElo "1884"]
[PlyCount "77"]
[EventDate "2010.??.??"]

1. e4 d5 2. exd5 Qxd5 3. Nc3 Qa5 4. d4 e5 5. Qe2 Nc6 6. dxe5 Bb4 7. Bd2 Bf5 8.
Nf3 O-O-O 9. Qb5 Bxc2 10. Qxa5 Bxa5 11. Be2 f6 12. exf6 Nxf6 13. O-O Nd4 14.
Nxd4 Rxd4 15. Be3 Bxc3 16. bxc3 Rd6 17. Rac1 Bd3 18. Rfe1 Bxe2 19. Rxe2 Rhd8
20. Bd4 b6 21. f3 c5 22. Bxf6 gxf6 23. Re7 R8d7 24. Rxd7 Kxd7 25. Rc2 Rd3 26.
Kf2 Kd6 27. Ke2 c4 28. Rd2 Rxd2+ 29. Kxd2 Ke5 30. Ke3 b5 31. a3 a6 32. g4 a5
33. h4 Kd5 34. f4 Kc5 35. g5 f5 36. h5 b4 37. axb4+ axb4 38. cxb4+ Kxb4 39. Kd2
1-0

[Event "HWT 2010"]
[Site "?"]
[Date "2010.01.10"]
[Round "4"]
[White "Melzer, Jürgen"]
[Black "Hall, Oliver"]
[Result "1-0"]
[WhiteElo "1843"]
[BlackElo "1586"]
[PlyCount "81"]
[EventDate "2010.??.??"]

1. e4 c5 2. Nf3 d6 3. d4 cxd4 4. Nxd4 Nf6 5. Nc3 a6 6. Be2 e6 7. Be3 Be7 8. O-O
O-O 9. Qd2 Qc7 10. Kh1 Nc6 11. a4 Bd7 12. Nb3 Ne5 13. f4 Nc4 14. Bxc4 Qxc4 15.
e5 Ne8 16. Bb6 d5 17. Na5 Qc8 18. Qe3 Rb8 19. Qd4 Bd8 20. Bxd8 Qxd8 21. b4 b6
22. Nb3 Nc7 23. Ne2 Qe8 24. Nc3 f6 25. a5 Nb5 26. Nxb5 Bxb5 27. Rfe1 Bc4 28.
exf6 Bxb3 29. fxg7 Rf7 30. cxb3 b5 31. Rac1 Rc8 32. Rc5 Rxg7 33. f5 Rxc5 34.
bxc5 e5 35. Qxd5+ Kh8 36. Rxe5 Re7 37. Re6 Rxe6 38. fxe6 Qg6 39. h3 Qh6 40.
Qe5+ Kg8 41. e7 1-0

[Event "HWT 2010"]
[Site "?"]
[Date "2010.01.10"]
[Round "4"]
[White "Uhle, Claus"]
[Black "Kohlmeyer, Dagobert"]
[Result "1-0"]
[WhiteElo "1369"]
[BlackElo "1740"]
[PlyCount "99"]
[EventDate "2010.??.??"]

1. e4 e6 2. Nc3 d5 3. exd5 exd5 4. d4 Nf6 5. h3 Be6 6. Bd3 Nbd7 7. Nf3 c5 8.
Bb5 a6 9. Bxd7+ Qxd7 10. Qe2 cxd4 11. Nxd4 Bc5 12. Nxe6 fxe6 13. Bg5 O-O 14.
O-O-O Bd6 15. Rhe1 Bb4 16. Qxe6+ Qxe6 17. Rxe6 Bxc3 18. bxc3 Ne4 19. Rxd5 Rxf2
20. Rxe4 Rxg2 21. h4 Rc8 22. Rd8+ Rxd8 23. Bxd8 Rg1+ 24. Kb2 h6 25. Re7 Rd1 26.
Bb6 Rh1 27. Bd4 b5 28. Rxg7+ Kf8 29. Ra7 Rxh4 30. Rxa6 b4 31. Kb3 bxc3 32. Bxc3
h5 33. a4 Kf7 34. a5 Rh1 35. Rf6+ Ke7 36. Rh6 Rb1+ 37. Bb2 Rd1 38. Rb6 Rd5 39.
c4 Rd3+ 40. Kb4 Rd2 41. Bc3 Ra2 42. Kb5 Kd7 43. Rh6 Ra3 44. Bb4 Ra2 45. Rxh5
Kc8 46. Rh7 Ra1 47. Kb6 Rb1 48. Kc6 Kb8 49. Bc5 Ka8 50. Bb6 1-0

[Event "HWT 2010"]
[Site "?"]
[Date "2010.01.10"]
[Round "4"]
[White "Wolff, Joachim Peter"]
[Black "Fuchs, Jörg"]
[Result "0-1"]
[WhiteElo "1061"]
[BlackElo "1699"]
[PlyCount "58"]
[EventDate "2010.??.??"]

1. c4 f5 2. Nc3 Nf6 3. Nf3 e6 4. a3 Be7 5. e3 O-O 6. d4 d6 7. Be2 c6 8. Bd2
Nbd7 9. O-O e5 10. Ng5 Nb6 11. dxe5 dxe5 12. e4 h6 13. Nf3 Qc7 14. exf5 Bxf5
15. Nh4 Bh7 16. Qb3 Kh8 17. Rad1 e4 18. Be3 Nfd7 19. g3 Bxh4 20. Bf4 Rxf4 21.
gxf4 Qxf4 22. Rd4 Rf8 23. Nd1 c5 24. Rxd7 Nxd7 25. Qe3 Qxe3 26. Nxe3 Ne5 27. b3
Nd3 28. Bxd3 exd3 29. Ng2 Bf6 0-1

[Event "HWT 2010"]
[Site "?"]
[Date "2010.01.10"]
[Round "4"]
[White "Peglow, Uwe-Karsten"]
[Black "Wendt, Rüdiger"]
[Result "0-1"]
[WhiteElo "1209"]
[BlackElo "1654"]
[PlyCount "96"]
[EventDate "2010.??.??"]

1. e4 c5 2. Nf3 Nc6 3. Bc4 e6 4. c3 Nf6 5. d3 a6 6. O-O Be7 7. Be3 O-O 8. Nbd2
d6 9. d4 b5 10. Be2 Bb7 11. b3 cxd4 12. cxd4 Rc8 13. a3 Na5 14. Bd3 Ng4 15. b4
Nc4 16. Nxc4 bxc4 17. Bc2 d5 18. e5 f6 19. h3 Nxe3 20. fxe3 fxe5 21. Nxe5 Qc7
22. Qh5 Rxf1+ 23. Rxf1 Bf6 24. Bxh7+ Kf8 25. Ng6+ Ke8 26. Ne5+ Ke7 27. Qf7+ Kd6
28. Qxc7+ Rxc7 29. Nf3 Bc6 30. Bc2 e5 31. Kh2 exd4 32. exd4 Re7 33. Rf2 Re3 34.
a4 Ra3 35. b5 axb5 36. axb5 Bxb5 37. g4 Ra2 38. Kg3 Ba4 39. Bxa4 Rxa4 40. g5
Bd8 41. Rc2 Ra3 42. Kf4 Rd3 43. h4 Bb6 44. Ne5 Rxd4+ 45. Kf5 Rxh4 46. Nf7+ Ke7
47. Kg6 Bd4 48. Rb2 Bxb2 0-1

[Event "HWT 2010"]
[Site "?"]
[Date "2010.01.10"]
[Round "4"]
[White "Grell, Steffen"]
[Black "Bauerfeind, Lars"]
[Result "1/2-1/2"]
[WhiteElo "1549"]
[BlackElo "1385"]
[Annotator "Schrodt"]
[PlyCount "120"]
[EventDate "2010.??.??"]

1. d4 Nf6 2. c4 e6 3. Nf3 d5 4. Nc3 Nbd7 5. Bg5 c6 6. e3 Qa5 7. a3 Ne4 8. Qc2
Bb4 9. Rc1 Bxc3+ 10. bxc3 Qxa3 11. Bd3 Ndf6 12. O-O Qd6 13. Bxe4 Nxe4 14. c5
Qc7 15. Bf4 Qd8 16. h3 O-O 17. Nd2 Nxd2 18. Qxd2 b6 19. Bd6 Re8 20. c4 Ba6 21.
Rc3 Bxc4 22. Re1 bxc5 23. Bxc5 a5 24. Ra3 Qc7 25. Rb1 Reb8 26. Rxb8+ Rxb8 27.
g3 Ra8 28. Qb2 Bb5 29. Qb3 a4 30. Qb4 Qa5 31. Qb2 Qe1+ 32. Kh2 Qe2 33. Qxe2
Bxe2 34. Kg2 Bd1 35. Ra1 Bc2 36. Ra2 Bb3 37. Ra1 Re8 38. f4 f6 39. Kf3 e5 40.
Rc1 exf4 41. gxf4 Ra8 42. Ba3 Ra6 43. Bc5 Bc4 44. Ra1 Kf7 45. h4 Ke6 46. Ba3
Kf5 47. Bf8 g5 48. hxg5 fxg5 49. fxg5 Kxg5 50. Be7+ Kf5 51. Bd6 Bb5 52. Bc5 Ra8
53. Bd6 h5 54. Ra2 h4 55. Rh2 a3 56. Ra2 Bc4 57. Rxa3 Rxa3 58. Bxa3 h3 59. Kg3
Ke4 60. Kxh3 Kxe3 {Fortsetzung folgt eventuell} 1/2-1/2

[Event "HWT 2010"]
[Site "?"]
[Date "2010.01.10"]
[Round "4"]
[White "Hoppensack, Manfred"]
[Black "Zelanti, Markus"]
[Result "1-0"]
[WhiteElo "1952"]
[BlackElo "1352"]
[PlyCount "75"]
[EventDate "2010.??.??"]

1. e4 e6 2. d4 d5 3. Nd2 c5 4. exd5 exd5 5. Ngf3 Bg4 6. h3 Bh5 7. Bb5+ Nc6 8.
O-O Nf6 9. Qe1+ Be7 10. Bxc6+ bxc6 11. dxc5 O-O 12. Qe3 Re8 13. b4 Nd7 14. Qb3
Rb8 15. Qc3 Bf6 16. Nd4 Be5 17. N2b3 Qh4 18. Qd2 h6 19. f4 Bxd4+ 20. Nxd4 Qf6
21. c3 Re4 22. Qf2 Rbe8 23. g4 Bg6 24. Bd2 Nb8 25. a4 R4e7 26. b5 Bd3 27. Rfe1
cxb5 28. axb5 Rxe1+ 29. Rxe1 Rxe1+ 30. Qxe1 Kh7 31. Qe3 Be4 32. c4 g5 33. fxg5
hxg5 34. Bc3 Qf4 35. Qxf4 gxf4 36. c6 dxc4 37. c7 Na6 38. bxa6 1-0

[Event "HWT 2010"]
[Site "?"]
[Date "2010.01.10"]
[Round "4"]
[White "Möller, Dirk"]
[Black "Müller, Johannes"]
[Result "0-1"]
[WhiteElo "1392"]
[BlackElo "1807"]
[PlyCount "26"]
[EventDate "2010.??.??"]

1. e4 c6 2. d4 d5 3. e5 Bf5 4. Bd3 Bxd3 5. Qxd3 Qa5+ 6. Nc3 Qa6 7. Qg3 e6 8.
Nge2 Ne7 9. O-O Nd7 10. Be3 Nf5 11. Qf3 Be7 12. g4 Nh4 13. Qxf7+ Kxf7 0-1

[Event "HWT 2010"]
[Site "?"]
[Date "2010.01.10"]
[Round "4"]
[White "Gebigke, Lena"]
[Black "Ostwald, Tobias"]
[Result "0-1"]
[WhiteElo "1329"]
[BlackElo "1606"]
[PlyCount "66"]
[EventDate "2010.??.??"]

1. d4 d5 2. Nf3 e6 3. c4 f5 4. g3 Nf6 5. Bg2 c6 6. O-O Bd6 7. Nbd2 O-O 8. b3
Bd7 9. Bb2 Be8 10. Ne5 Nbd7 11. Ndf3 Ne4 12. Nd3 g5 13. Nfe5 h5 14. f3 Nef6 15.
e3 Qe7 16. Qc2 Rc8 17. e4 fxe4 18. fxe4 dxe4 19. Nxd7 Bxd7 20. Ne5 Be8 21. Bxe4
Bxe5 22. dxe5 Qc5+ 23. Kg2 Ng4 24. Rxf8+ Kxf8 25. Rf1+ Kg7 26. Bc1 Ne3+ 27.
Bxe3 Qxe3 28. Rd1 Rc7 29. c5 Rf7 30. Rd6 Bd7 31. Bh7 Qf3+ 32. Kh3 Qf1+ 33. Qg2
g4+ 0-1

[Event "HWT 2010"]
[Site "?"]
[Date "2010.01.10"]
[Round "4"]
[White "Burkert, Wolfgang"]
[Black "Schmidt, Tobias"]
[Result "0-1"]
[WhiteElo "1315"]
[BlackElo "1554"]
[PlyCount "40"]
[EventDate "2010.??.??"]

1. e4 c5 2. Nf3 Nc6 3. d4 cxd4 4. Nxd4 g6 5. Be3 Nf6 6. Nc3 Bg7 7. Qd2 O-O 8.
Nxc6 dxc6 9. O-O-O Qxd2+ 10. Rxd2 b5 11. a3 a5 12. Kb1 b4 13. axb4 axb4 14. Na2
Nxe4 15. Re2 b3 16. cxb3 Bf5 17. Ka1 Rfd8 18. Rc2 Nxf2 19. Rxc6 Nxh1 20. Rc1
Rxa2+ 0-1

[Event "HWT 2010"]
[Site "?"]
[Date "2010.01.10"]
[Round "4"]
[White "Baumbach, Dieter"]
[Black "Krawczyk, Harald"]
[Result "0-1"]
[WhiteElo "1119"]
[BlackElo "1533"]
[Annotator "Schrodt"]
[PlyCount "58"]
[EventDate "2010.??.??"]

1. d4 Nf6 2. Nc3 d5 3. Nf3 Nc6 4. Bf4 Bg4 5. Ne5 Bh5 6. Nxc6 bxc6 7. Qd3 Qb8 8.
Rb1 e6 9. Qg3 Bg6 10. Bxc7 Qb4 11. a3 Qxd4 12. Be5 Qb6 13. Na4 Qa5+ 14. Nc3
Bxc2 15. Rc1 Bg6 16. f3 Rc8 17. Qg5 Be7 18. Qf4 O-O 19. e3 c5 20. Bb5 c4 21.
O-O Nh5 22. Qd4 Nf6 23. g4 Qb6 24. Qf4 Bc5 25. Rce1 a6 26. Bxf6 gxf6 27. Bd7
Rcd8 28. Na4 Qd6 29. Nxc5 Qxf4 {Zeitüberschreitung} 0-1

[Event "HWT 2010"]
[Site "?"]
[Date "2010.01.10"]
[Round "4"]
[White "Torzinski, Stefan"]
[Black "Wierzbicki, Jirawat"]
[Result "1-0"]
[WhiteElo "1531"]
[BlackElo "1164"]
[PlyCount "37"]
[EventDate "2010.??.??"]

1. e4 c5 2. Nf3 d6 3. d4 cxd4 4. Nxd4 Nf6 5. Nc3 g6 6. Bd3 Bg7 7. h3 O-O 8. Be3
Bd7 9. O-O Nc6 10. Qd2 Re8 11. f4 a6 12. Nf3 b5 13. f5 Qa5 14. a3 Reb8 15. b4
Qc7 16. Bh6 Ne8 17. Bxg7 Nxg7 18. Qh6 gxf5 19. Ng5 1-0

[Event "HWT 2010"]
[Site "?"]
[Date "2010.01.10"]
[Round "4"]
[White "Dr. Heinrich, Manfred"]
[Black "Dr. Pöltelt, Helmut"]
[Result "0-1"]
[WhiteElo "1012"]
[BlackElo "1504"]
[PlyCount "68"]
[EventDate "2010.??.??"]

1. Nf3 Nf6 2. c4 e6 3. d4 d5 4. Nc3 c6 5. Bg5 Be7 6. e3 h6 7. Bh4 Nbd7 8. Bd3
O-O 9. Qc2 dxc4 10. Bxc4 b5 11. Bd3 Bb7 12. e4 a6 13. O-O Rc8 14. Bxf6 Nxf6 15.
e5 Nd5 16. Ne4 Nb4 17. Qe2 Nxd3 18. Qxd3 c5 19. Qe3 cxd4 20. Nxd4 Qd5 21. f3
Qxe5 22. Rfe1 Bxe4 23. Qxe4 Qc5 24. Kh1 Bf6 25. Nb3 Qc2 26. Re2 Qxe4 27. fxe4
Be5 28. Rf1 Rfd8 29. g3 Rc4 30. Nd2 Rc2 31. Rd1 Rxb2 32. Kg1 Bc3 33. Rf2 Rdxd2
34. Rf3 Bd4+ 0-1

[Event "HWT 2010"]
[Site "?"]
[Date "2010.01.10"]
[Round "4"]
[White "Eisfeld, Daniel"]
[Black "Torzinski, Nils"]
[Result "0-1"]
[WhiteElo "963"]
[BlackElo "1464"]
[PlyCount "102"]
[EventDate "2010.??.??"]

1. e4 e5 2. Nf3 Nc6 3. Bc4 Bc5 4. d3 h6 5. Nc3 Nf6 6. Nd5 d6 7. Nc3 Bg4 8. h3
Bh5 9. g4 Bg6 10. Qe2 Qd7 11. Be3 Bb6 12. O-O-O O-O-O 13. Bxb6 axb6 14. d4 Qe8
15. d5 Nb8 16. Bb5 c6 17. dxc6 bxc6 18. Ba6+ Kd7 19. Bc4 Ke7 20. Nh4 Bh7 21.
Rhg1 Kf8 22. g5 hxg5 23. Rxg5 Bxe4 24. Nxe4 Rxh4 25. Nxf6 gxf6 26. Rh5 Rxh5 27.
Qxh5 d5 28. Qh8+ Ke7 29. Qxe8+ Rxe8 30. Be2 Rh8 31. Rh1 f5 32. h4 Nd7 33. Kd2
d4 34. c3 dxc3+ 35. Kxc3 Nf6 36. Kb4 Ne4 37. Rh2 Nf6 38. Rh3 Nd5+ 39. Kc4 Nf4
40. Re3 Rxh4 41. Kc3 Nd5+ 42. Kd2 Nxe3 43. fxe3 Rh2 44. a4 c5 45. b3 Kd6 46.
Kd3 Rxe2 47. Kxe2 f4 48. e4 f6 49. Kf3 c4 50. b4 c3 51. Ke2 f3+ 0-1

[Event "HWT 2010"]
[Site "?"]
[Date "2010.01.10"]
[Round "4"]
[White "Zur, Gerd"]
[Black "Buchallik, Jakob"]
[Result "0-1"]
[WhiteElo "1457"]
[BlackElo "1072"]
[PlyCount "92"]
[EventDate "2010.??.??"]

1. e4 e5 2. Nc3 Nf6 3. Nf3 Nc6 4. Bc4 Nxe4 5. Nxe4 d5 6. Nf6+ Qxf6 7. Bxd5 Bd7
8. Qe2 Bd6 9. d3 O-O 10. O-O Rfe8 11. Bg5 Qg6 12. Qe3 h6 13. Bh4 Rab8 14. Bg3
Nb4 15. Be4 f5 16. Nh4 Qf6 17. Nxf5 Bxf5 18. Qd2 Bxe4 19. dxe4 Rbd8 20. c3 Nc6
21. Qe1 Qe6 22. Kh1 Rf8 23. f3 Be7 24. Bf2 a6 25. Be3 Qg6 26. Rd1 Rxd1 27. Qxd1
Rd8 28. Qb3+ Kh7 29. Qxb7 Rb8 30. Qxc7 Rxb2 31. g4 Rxa2 32. Rg1 Qf6 33. Rg3
Ra1+ 34. Kg2 Ra2+ 35. Kg1 Rc2 36. g5 Qe6 37. gxh6 gxh6 38. Rg2 Rxc3 39. Qb6 Rb3
40. Qxa6 Rxe3 41. Kf2 Ra3 42. Qb5 Bh4+ 43. Rg3 Bxg3+ 44. Kxg3 Qg6+ 45. Kf2 Ra2+
46. Ke3 Qg1+ 0-1

[Event "HWT 2010"]
[Site "?"]
[Date "2010.01.10"]
[Round "4"]
[White "Nguyen, Thuy Anh"]
[Black "Holzmann, Arthur"]
[Result "0-1"]
[WhiteElo "879"]
[BlackElo "1442"]
[PlyCount "82"]
[EventDate "2010.??.??"]

1. e4 Nf6 2. Nc3 d5 3. d3 dxe4 4. Bg5 exd3 5. Bxd3 Nc6 6. Nf3 a6 7. O-O Bg4 8.
Be2 e6 9. Ne4 Qxd1 10. Nxf6+ gxf6 11. Bxd1 fxg5 12. Nxg5 Bxd1 13. Raxd1 Be7 14.
Nf3 O-O 15. Rd3 Rad8 16. Rfd1 Rxd3 17. Rxd3 Rd8 18. Re3 Rd1+ 19. Ne1 Nd4 20.
Rg3+ Kf8 21. Kf1 Nxc2 22. Ke2 Rxe1+ 23. Kd2 Bd6 24. Rd3 Nb4 25. Rb3 Re5 26. a3
Rd5+ 27. Ke2 Nc6 28. h3 Nd4+ 29. Ke3 Nxb3 30. f4 c5 31. g4 c4 32. Ke4 Rd4+ 33.
Ke3 Bxf4+ 34. Kf3 e5 35. h4 Nc5 36. g5 Rd3+ 37. Kg4 Kg7 38. h5 Rg3+ 39. Kh4 Ne4
40. h6+ Kg6 41. a4 Bxg5# 0-1